Online katalóg knižníc regiónu Turca

Letničky : (Record no. 20242)

MARC details
000 -LEADER
fixed length control field 00901nam a22002771 4500
001 - CONTROL NUMBER
control field 20242
003 - CONTROL NUMBER IDENTIFIER
control field CZ PrNK
005 - DATE AND TIME OF LATEST TRANSACTION
control field 20260120105005.0
007 - PHYSICAL DESCRIPTION FIXED FIELD--GENERAL INFORMATION
fixed length control field ta
008 - FIXED-LENGTH DATA ELEMENTS--GENERAL INFORMATION
fixed length control field 020419s1973 xo a 001 slo
020 ## - INTERNATIONAL STANDARD BOOK NUMBER
Qualifying information (Váz.) :
Terms of availability Kčs 30,00
040 ## - CATALOGING SOURCE
Original cataloging agency ABA001
Language of cataloging cze
Transcribing agency ABA001
Modifying agency ABA001
080 ## - UNIVERSAL DECIMAL CLASSIFICATION NUMBER
Universal Decimal Classification number 635.931(083.71:084.1)=854
Edition identifier undef
100 1# - MAIN ENTRY--PERSONAL NAME
Personal name Krejča, Jindřich,
Dates associated with a name 1920-1991
Relationship ill
245 10 - TITLE STATEMENT
Title Letničky :
Remainder of title farebný atlas najkrajších jednoročných a dvojročných kvetín /
Statement of responsibility, etc. Jindřich Krejča, Július Klimo
250 ## - EDITION STATEMENT
Edition statement 1. vyd.
260 ## - PUBLICATION, DISTRIBUTION, ETC.
Place of publication, distribution, etc. Bratislava :
Name of publisher, distributor, etc. Príroda,
Date of publication, distribution, etc. 1973
300 ## - PHYSICAL DESCRIPTION
Extent 148 s. :
Other physical details barev. il. ;
Dimensions 21 cm
490 1# - SERIES STATEMENT
Series statement Rastlinná výroba. Knižnica pol'nohospodára
500 ## - GENERAL NOTE
General note Obsahuje rejstřík
500 ## - GENERAL NOTE
General note 15000 výt.
700 1# - ADDED ENTRY--PERSONAL NAME
Personal name Klimo, Július
Relationship aut
830 #0 - SERIES ADDED ENTRY--UNIFORM TITLE
Uniform title Rastlinná výroba.
Name of part/section of a work Knižnica pol'nohospodára
910 ## - USER-OPTION DATA (OCLC)
User-option data ABA001
942 ## - ADDED ENTRY ELEMENTS (KOHA)
Source of classification or shelving scheme Dewey Decimal Classification
Koha item type Odborná literatúra pre dospelých
Suppress in OPAC No
Holdings
Stav vyradenia Strata Poškodenie Spôsob nadobudnutia Domovská knižnica Aktuálna knižnica Dátum nadobudnutia Total checkouts Čiarový kód exemplára Date last seen Typ exemplára
      Dar Obecná knižnica Horná Štubňa Obecná knižnica Horná Štubňa 20.01.2026   4736200257 20.01.2026 Odborná literatúra pre dospelých
Projekt je podporený Slovenskou asociáciou knižníc
Prevádzkuje Turčianska knižnica Martin 2026